| 000 | 00727nam a2200193 4500 | ||
|---|---|---|---|
| 003 | LK-CoMWRAF | ||
| 005 | 20240118115908.0 | ||
| 008 | 231213b |||||||| |||| 00| 0 eng d | ||
| 020 | _a9559102699 | ||
| 040 |
_aLK-CoMWRAF _dLK-CoMWRAF _eLK-CoMWRAF |
||
| 041 | _asin | ||
| 082 |
_a305.42 _bJAY |
||
| 100 | _aජයවර් ධන, කුමාරි | ||
| 245 | _aස්ත්රීවාදය හා ජාතික වාදය : ඉංදියාව සහ ශ්රී ලංකාව | ||
| 246 | _aSthreewadaya saha jathikawadaya : Indiyawa saha Sri Lankawa | ||
| 260 |
_aකොළඹ : _bසමාජ විද්යාඥයින්ගේ සංගමය _c2004 |
||
| 300 | _aපි. 66 | ||
| 942 | _cBK | ||
| 999 |
_c4390 _d4390 |
||